000 00835nam a2200241Ia 4500
003 OSt
005 20220926044250.0
006 a|||||r|||| 00| 0
007 ta
008 220923b |||||||| |||| 00| 0 eng d
037 _cGeneral Book
040 _aRTL
_cRTL
_beng
041 _2eng
_aeng
082 _aX 9 (D6,8) .2.N45t
110 _aGovt of India. Industries and Supplies (Deptt --). Industrial Plant, Heavy Machinery (Panel on--) (1945) (Chairman: G L Metha
_9348732
245 0 _aReport (DLS.22)
260 _c1985
300 _av, 96p.
_ccm.
650 _aMechanical
_9239020
700 _aGovt of India. Industries and Supplies (Deptt --). Industrial Plant, Heavy Machinery (Panel on--) (1945) (Chairman: G L Metha
_9348733
942 _hX 9 (D6,8) .2.N45t
_cGB
_2CC
999 _c674375
_d674375